El sinuoso camino hacia la protección de los créditos laborales / (Registro nro. 5956)
[ vista simple ]
| 000 -LEADER | |
|---|---|
| fixed length control field | 01521nab a22002417a 4500 |
| 003 - CONTROL NUMBER IDENTIFIER | |
| control field | OSt |
| 005 - DATE AND TIME OF LATEST TRANSACTION | |
| control field | 20260114131537.0 |
| 008 - FIXED-LENGTH DATA ELEMENTS--GENERAL INFORMATION | |
| fixed length control field | 190605e xxu||||| |||| 00| 0 spa d |
| 040 ## - CATALOGING SOURCE | |
| Transcribing agency | PJ |
| 100 ## - MAIN ENTRY--PERSONAL NAME | |
| 9 (RLIN) | 6788 |
| Personal name | Pérez, Emiliano A. |
| 245 13 - TITLE STATEMENT | |
| Title | El sinuoso camino hacia la protección de los créditos laborales / |
| Statement of responsibility, etc | Emiliano A. Pérez |
| 260 ## - PUBLICATION, DISTRIBUTION, ETC. (IMPRINT) | |
| Place of publication, distribution, etc | Ciudad Autónoma de Buenos Aires : |
| Name of publisher, distributor, etc | Thomson Reuters La Ley, |
| Date of publication, distribution, etc | 2024. |
| 300 ## - PHYSICAL DESCRIPTION | |
| Extent | p. 126-135 |
| 500 ## - GENERAL NOTE | |
| General note | Cita: TR LALEY AR/DOC/1623/2024.<br/><br/> |
| 505 ## - FORMATTED CONTENTS NOTE | |
| Formatted contents note | Sumario: I. El art. 62 de la ley 18.345 y su vinculación con el art. 247 de la ley 20.744.— II. La responsabilidad solidaria del administrador de la persona jurídica ante un incumplimiento contractual doloso.— III. Los olvidados (y pocos utilizados) procedimientos del art. 80 in fine y art. 138 LO.— IV. La necesidad de instituir instrumentos procesales eficaces en el proceso laboral nacional (ley 18.345) para salvaguardar los créditos alimentarios en casos de despidos. |
| 505 ## - FORMATTED CONTENTS NOTE | |
| Formatted contents note | Fallo comentado: CNTrab., sala VII ~ 18/03/2024 ~ Jaspe Urbina, Angélica Alejandra c. Wenance S.A. y otro s/ medida cautelar. |
| 505 ## - FORMATTED CONTENTS NOTE | |
| Title | ¿Te interesa el texto completo? Solicitalo al correo: koha@justierradelfuego.gov.ar |
| 650 #0 - SUBJECT ADDED ENTRY--TOPICAL TERM | |
| 9 (RLIN) | 1316 |
| Topical term or geographic name as entry element | DERECHO LABORAL |
| 650 #0 - SUBJECT ADDED ENTRY--TOPICAL TERM | |
| 9 (RLIN) | 1323 |
| Topical term or geographic name as entry element | CONTRATO DE TRABAJO |
| 650 #0 - SUBJECT ADDED ENTRY--TOPICAL TERM | |
| 9 (RLIN) | 1814 |
| Topical term or geographic name as entry element | CESACION DE PAGOS |
| 773 0# - HOST ITEM ENTRY | |
| Host Biblionumber | 2711 |
| Host Itemnumber | 3168 |
| Place, publisher, and date of publication | Ciudad Autónoma de Buenos Aires : Thomson Reuters La Ley, 1999-2002. |
| Title | Revista de derecho del trabajo. Nº 4 - Julio 2024 |
| 942 ## - ADDED ENTRY ELEMENTS (KOHA) | |
| Source of classification or shelving scheme | |
| Koha item type | Analítica Artículo de Revista |
No hay ítems disponibles.
